[Event "Cto. Autonómico por Equipos 2007"]
[Site "Aragón"]
[Date "2007.03.10"]
[Round "7.3"]
[White "Gonzalvo Lara Victor"]
[Black "Munoz Munoz Juan Carlos"]
[Result "1-0"]
[WhiteElo "2156"]
[BlackElo "2149"]

1.e4 c5 2.Nf3 g6 3.d3 Bg7 4.g3 Nc6 5.Bg2 e6 6.O-O Nge7 7.Nbd2 O-O 8.Nh4 d6 9.
Kh1 e5 10.f4 exf4 11.gxf4 f5 12.Ndf3 d5 13.e5 d4 14.c3 Be6 15.Ng5 Bd5 16.c4
Bxg2+ 17.Nxg2 Qc8 18.h4 h6 19.Nh3 Qe6 20.Rf3 Kf7 21.Rg3 Ke8 22.Bd2 Rg8 23.h5
gxh5 24.Qxh5+ Kd7 25.Nh4 Bh8 26.Rag1 Rxg3 27.Rxg3 Rf8 28.Rg2 Kc7 29.Ng1 Qf7
30.Qxf7 Rxf7 31.Ng6 Rh7 32.Nf8 Rf7 33.Ng6 Rh7 34.Nxh8 Rxh8 35.Nf3 Rg8 36.Rxg8
Nxg8 37.Kg2 Nce7 38.Kg3 Ng6 39.Nh4 N6e7 40.Nf3 Ng6 41.Nh4 N6e7 42.Kf3 Kd7 43.
Ng2 Nc6 44.Be1 b6 45.a3 a5 46.b3 Ke6 47.Nh4 Nge7 48.Bd2 Kd7 49.Kg3 Ke6 50.Ng2
Ng6 51.Ne1 Kd7 52.Nc2 h5 53.Ne1 Ke6 54.Nf3 Kd7 55.Ng5 Ke7 56.Nh7 Ke6 57.Nf6
h4+ 58.Kh3 Na7 59.Nd5 Nc8 60.Nc7+ Kd7 61.Nd5 Ke6 62.Nf6 Nce7 63.Ne8 Kd7 64.Nd6
Ke6 65.Ne8 Kd7 66.Nf6+ Ke6 67.Nh7 Nc6 68.Ng5+ Kd7 69.Nf3 Ke6 70.Nxh4 Nge7 71.
Nf3 Ng6 72.Kg3 Kd7 73.Nh4 Nge7 74.Ng2 Ng6 75.Ne1 Ke6 76.Nc2 Kd7 77.b4 Ke6 78.
b5 Na7 79.a4 Nc8 80.Ne1 Nce7 81.Nf3 Ng8 82.Ng5+ Kd7 83.Nf7 N8e7 84.Nd6 Ke6 85.
Ne8 Kd7 86.Ng7 Kc7 87.Nh5 Kd7 88.Be1 Ke6 89.Kh3 Ng8 90.Kg3 Nh6 91.Nf6 1-0

[Event "Cto. Autonómico por Equipos 2007"]
[Site "Aragón"]
[Date "2007.03.10"]
[Round "7.4"]
[White "Fernando Gros Jorge Luis"]
[Black "Moreno Gracia Daniel"]
[Result "1/2-1/2"]
[WhiteElo "2084"]
[BlackElo "2122"]

1.d4 Nf6 2.c4 e6 3.Nc3 Bb4 4.e3 c5 5.Bd3 Nc6 6.Nf3 Bxc3+ 7.bxc3 d6 8.e4 e5 9.
d5 Ne7 10.Nh4 h6 11.f4 Ng6 12.Nxg6 fxg6 13.O-O O-O 14.f5 gxf5 15.exf5 e4 16.
Be2 Qd7 17.Qe1 b6 18.Bf4 Nh7 19.Qg3 Rf6 20.Be3 Qf7 21.Bf4 Qf8 22.Rae1 Ba6 23.
Rf2 Rd8 24.Ref1 Qe8 25.Be3 Kh8 26.Rf4 Qe5 27.Qh4 Re8 28.Qe1 Ref8 29.g4 Ng5 30.
Kg2 g6 31.h4 Nf3 32.Bxf3 exf3+ 33.R1xf3 Bxc4 34.Rxc4 Qxd5 35.Ra4 gxf5 36.g5
Re6 37.Qd2 Qb7 38.c4 Qe7 39.Ra3 f4 40.Qc3+ Kg8 41.Bxf4 Re4 42.Bg3 Re2+ 43.Bf2
Qe4 44.Qd3 Qg4+ 45.Kf1 Rxf3 46.Qxf3 Qxf3 47.Rxf3 Rxa2 48.g6 Ra4 49.Bg3 Rxc4
50.h5 Rd4 51.Rf6 Rd5 52.Bxd6 Rxh5 53.Rf7 Rg5 54.Rf6 Kg7 55.Rf7+ Kxg6 56.Rxa7
Rd5 57.Bc7 Rd7 58.Bxb6 Rxa7 59.Bxa7 1/2-1/2

[Event "Cto. Autonómico por Equipos 2007"]
[Site "Aragón"]
[Date "2007.03.10"]
[Round "7.5"]
[White "Llorente Zaro Alfonso"]
[Black "Del Rey Diego"]
[Result "1/2-1/2"]
[WhiteElo "2353"]
[BlackElo "2399"]

1.d4 f5 2.e4 fxe4 3.Nc3 Nf6 4.Bg5 e6 5.Nxe4 Be7 6.Bxf6 Bxf6 7.Nf3 d6 8.Qd2 Nc6
9.O-O-O O-O 10.h4 d5 11.Nc3 a6 12.Kb1 Qd6 13.Bd3 Nxd4 14.Nxd4 Bxd4 15.Bxh7+
Kxh7 16.Qxd4 Qf4 17.Qd3+ Qf5 18.Qg3 Qf4 19.Qd3+ Qf5 20.Qg3 1/2-1/2

[Event "Cto. Autonómico por Equipos 2007"]
[Site "Aragón"]
[Date "2007.03.10"]
[Round "7.6"]
[White "Fernandez Lopez Felix"]
[Black "Ramon Perez Jose Luis"]
[Result "1-0"]
[WhiteElo "2315"]
[BlackElo "2336"]

1.c4 e5 2.g3 Nc6 3.Bg2 f5 4.d3 Nf6 5.Nc3 Bc5 6.e3 O-O 7.Nge2 d6 8.O-O Bb6 9.
Na4 Kh8 10.Nxb6 axb6 11.b3 Qe8 12.Bb2 Qg6 13.Qd2 Bd7 14.b4 Rae8 15.b5 Nd8 16.
f4 e4 17.Bxf6 Qxf6 18.Nc3 Qf7 19.Nd5 Bc8 20.dxe4 fxe4 21.f5 c6 22.Nxb6 Bxf5
23.g4 Qc7 24.gxf5 Qxb6 25.a4 d5 26.cxd5 cxd5 27.Rad1 Nf7 28.f6 gxf6 29.Qd4
Qxd4 30.Rxd4 Ne5 31.Rxd5 Nc4 32.Kf2 f5 33.Ke2 Nxe3 34.Kxe3 f4+ 35.Rxf4 Rg8 36.
Bxe4 Rg1 37.Rd7 1-0

[Event "Cto. Autonómico por Equipos 2007"]
[Site "Aragón"]
[Date "2007.03.10"]
[Round "7.7"]
[White "Remiro Juste Fernando Jose"]
[Black "Sanz Arilla Luis"]
[Result "1-0"]
[WhiteElo "2331"]
[BlackElo "2282"]

1.d4 d5 2.c4 e6 3.Nc3 Nf6 4.cxd5 exd5 5.Bg5 Be7 6.e3 O-O 7.Bd3 Nbd7 8.Nge2 Re8
9.O-O c6 10.f3 Nf8 11.Qc2 Be6 12.Nf4 h6 13.Bh4 Rc8 14.Rad1 Bd7 15.Bf2 Bd6 16.
Nfe2 Ne6 17.e4 dxe4 18.fxe4 Ng4 19.e5 Bc7 20.h3 Nxf2 21.Rxf2 Rf8 22.Ne4 Qh4
23.N4g3 g6 24.Ne4 Kg7 25.Nf6 Rcd8 26.Bc4 Qg5 27.Qe4 h5 28.h4 Qh6 29.Ng3 Bb6
30.Nfxh5+ Kh8 31.Bxe6 Bxe6 32.Nf4 Bc7 33.h5 g5 34.Nfe2 Bd5 35.Qe3 Rde8 36.Rf6
Qh7 37.Qxg5 Rg8 38.Qf4 Kg7 39.Nc3 Bb6 40.Rf1 Kf8 41.e6 Bxe6 42.Rxe6 Rxg3 43.
Qd6+ Kg8 44.Qxg3+ Kf8 1-0

[Event "Cto. Autonómico por Equipos 2007"]
[Site "Aragón"]
[Date "2007.03.10"]
[Round "7.8"]
[White "Melendez Fierro Juan Bautista"]
[Black "Mimbela Lopez Miguel Angel"]
[Result "1/2-1/2"]
[WhiteElo "2232"]
[BlackElo "2232"]

1.e4 e5 2.Nf3 Nf6 3.Nxe5 d6 4.Nf3 Nxe4 5.c4 Be7 6.Nc3 Nxc3 7.dxc3 Nc6 8.Bd3
Bg4 9.Be4 Qd7 10.O-O Bf5 11.Bxc6 bxc6 12.Nd4 Bg6 13.Re1 c5 14.Qf3 O-O 15.Ne2
Qe6 16.b3 Bf6 17.Bd2 Qe4 18.Qxe4 Bxe4 19.Nf4 Rae8 20.f3 Bb7 21.Nd5 Bd8 22.Rxe8
Rxe8 23.Re1 Rxe1+ 24.Bxe1 c6 25.Ne3 d5 26.cxd5 cxd5 27.Kf2 Kf8 28.Ke2 g6 29.
Kd3 Bc7 30.Bg3 Bb6 31.c4 d4 32.Nd5 Bxd5 33.cxd5 Ke7 34.Be1 Kd6 35.Kc4 f5 36.
Bg3+ Kd7 37.b4 d3 38.Be1 cxb4 39.Bxb4 Bc7 40.h3 a5 41.Bd2 1/2-1/2

[Event "Cto. Autonómico por Equipos 2007"]
[Site "Aragón"]
[Date "2007.03.10"]
[Round "7.9"]
[White "Garza Marco Sergio"]
[Black "Adla Diego Gustavo"]
[Result "1-0"]
[WhiteElo "2380"]
[BlackElo "2470"]

1.d4 Nf6 2.c4 e6 3.Nc3 Bb4 4.e3 b6 5.Ne2 Ba6 6.a3 Bxc3+ 7.Nxc3 d5 8.b3 O-O 9.
Be2 Nc6 10.a4 Qd7 11.O-O Rfd8 12.Bb2 dxc4 13.bxc4 Na5 14.Nb5 c6 15.Na3 c5 16.
Rc1 Bb7 17.Bd3 Rac8 18.d5 Qe7 19.e4 Ne8 20.Re1 Ba6 21.Re3 e5 22.Rh3 f6 23.f4
Nd6 24.fxe5 fxe5 25.Qh5 g6 26.Qxe5 Qxe5 27.Bxe5 Nf7 28.Bc3 Nb3 29.Re1 Re8 30.
e5 Nd4 31.Rhe3 Rcd8 32.Nb5 Bxb5 33.axb5 Re7 34.e6 Nd6 35.Rf1 Rf8 36.Ree1 1-0

[Event "Cto. Autonómico por Equipos 2007"]
[Site "Aragón"]
[Date "2007.03.10"]
[Round "7.10"]
[White "Villuendas Valero Adrian"]
[Black "Fontana Sotomayour Luis Javier"]
[Result "1/2-1/2"]
[WhiteElo "2224"]
[BlackElo "2320"]

1.d4 Nf6 2.c4 e6 3.Nc3 c5 4.d5 d6 5.e4 exd5 6.cxd5 g6 7.Nf3 a6 8.h3 b5 9.Bd3
Bg7 10.O-O O-O 11.Bf4 Bb7 12.Re1 Qb6 13.a3 Nbd7 14.Qd2 Rfe8 15.b4 Rac8 16.Rac1
Nh5 17.Bh2 Ne5 18.Nxe5 Bxe5 19.Bxe5 dxe5 20.Qe3 Qd6 21.Nxb5 axb5 22.Bxb5 cxb4
23.Bxe8 Rxe8 24.axb4 Qxb4 25.Rb1 Qe7 26.Qa7 Bc8 27.Qxe7 Rxe7 28.Rb8 Re8 29.Rc1
Bd7 30.Rb7 Rd8 31.Rcc7 Be8 32.Re7 Kf8 33.f3 Nf6 34.Rec7 Rd7 35.Kf2 Ke7 36.g4
g5 37.Rxd7+ Bxd7 38.Ra7 h5 39.Ra8 h4 40.Ra6 Nh7 41.Ke3 Nf8 42.Ra1 Ng6 43.Rh1
Kd6 44.Rh2 Nf4 45.Rh1 Bb5 46.Kf2 Ne2 47.Rb1 {(=)} 47...Nd4 48.Rb2 Kc5 49.Ra2
f6 50.Ra7 Be2 51.Ra3 Bd1 52.Rc3+ Kd6 53.Rd3 Ba4 54.Ra3 Bb5 55.Ra7 Bd7 56.Ra6+
Ke7 57.Rb6 {Tablas.} 1/2-1/2

[Event "Cto. Autonómico por Equipos 2007"]
[Site "Aragón"]
[Date "2007.03.10"]
[Round "7.11"]
[White "Delgado Crespo Mairelys"]
[Black "Cortes Lizano Jesus"]
[Result "0-1"]
[WhiteElo "2298"]
[BlackElo "2154"]

1.e4 c5 2.Nf3 d6 3.Bb5+ Nd7 4.d4 cxd4 5.Qxd4 e5 6.Qd3 h6 7.O-O Be7 8.c4 a6 9.
Bxd7+ Bxd7 10.Nc3 Nf6 11.a4 Rc8 12.b3 Be6 13.Re1 Nd7 14.Ba3 O-O 15.Nd5 Nc5 16.
Bxc5 Rxc5 17.b4 Rc6 18.Nd2 Bg5 19.Nb3 Rc8 20.Rad1 Bxd5 21.Qxd5 Qb6 22.b5 Qc7
23.a5 Rfd8 24.bxa6 bxa6 25.Nd2 Qd7 26.Nb3 Qa4 27.Nd2 Rc5 28.Qd3 Bxd2 29.Qxd2
Rxa5 30.Qc3 Rc5 31.Ra1 Qc6 32.Qa3 Ra8 33.Rad1 a5 34.h3 Ra6 35.Rd5 a4 36.Rxc5
Qxc5 37.Qxc5 dxc5 38.Ra1 a3 39.Kf1 g6 40.Ke2 Kg7 41.Kd3 f5 42.exf5 gxf5 43.Kc3
Kf6 44.Kb3 a2 45.g3 e4 46.Rxa2 Rxa2 47.Kxa2 Ke5 48.Ka3 Kd4 49.Kb3 Kd3 0-1

[Event "Cto. Autonómico por Equipos 2007"]
[Site "Aragón"]
[Date "2007.03.10"]
[Round "7.12"]
[White "Lafarga Bueno Daniel"]
[Black "Fandino Roquelina"]
[Result "1-0"]
[WhiteElo "1829"]
[BlackElo "2104"]

1.c4 Nf6 2.Nc3 d6 3.g3 Nbd7 4.Bg2 e5 5.d3 Be7 6.Nf3 O-O 7.O-O c6 8.Nd2 a6 9.b3
Nc5 10.Nde4 Nfxe4 11.Nxe4 Ne6 12.Bb2 f5 13.Nd2 Bf6 14.e3 g6 15.Kh1 Bd7 16.f4
exf4 17.Bxf6 Qxf6 18.exf4 Rae8 19.Nf3 Nd4 20.Nxd4 Qxd4 21.Rf3 Re7 22.Qg1 Qxg1+
23.Kxg1 Rfe8 24.Kf1 Kf7 25.Rd1 Kf6 26.Rf2 h6 27.Bf3 Re3 28.h4 R8e7 29.Kg2 Bc8
30.Rdd2 g5 31.hxg5+ hxg5 32.fxg5+ Kxg5 33.Rfe2 f4 34.gxf4+ Kxf4 35.Rxe3 Rxe3
36.Be4 Rg3+ 37.Kf2 Bg4 38.b4 Bh5 39.a4 Rg5 40.Rb2 d5 41.cxd5 cxd5 42.Bg2 Bg6
43.d4 Be4 44.Bxe4 Kxe4 45.Rd2 Rf5+ 46.Ke2 Rf3 47.a5 Rb3 1-0

[Event "Cto. Autonómico por Equipos 2007"]
[Site "Aragón"]
[Date "2007.03.10"]
[Round "7.13"]
[White "Andres Terrado Miguel Angel"]
[Black "Ramiro Ovejero Juan Luis"]
[Result "0-1"]
[WhiteElo "2124"]
[BlackElo "2299"]

1.Nf3 c5 2.g3 Nc6 3.Bg2 g6 4.O-O Bg7 5.d3 d5 6.c3 e5 7.e4 Nge7 8.Nbd2 O-O 9.
Qb3 d4 10.Nc4 Rb8 11.cxd4 cxd4 12.a4 Be6 13.Bd2 f6 14.Rfc1 Qd7 15.Qa3 b5 16.
axb5 Rxb5 17.Be1 Rfb8 18.Nfd2 Bf8 19.Qa4 Nb4 20.Bf1 Nec6 21.Qd1 Qb7 22.Na3 Rc5
23.Nac4 Na6 24.b3 Rb5 25.f4 Nc5 26.Qf3 Bf7 27.Na3 Ra5 28.b4 Nxb4 29.Ndc4 Ra4
30.Rab1 Qc7 31.Be2 Nc6 32.Bd1 Ra6 {Tiempo} 0-1

[Event "Cto. Autonómico por Equipos 2007"]
[Site "Aragón"]
[Date "2007.03.10"]
[Round "7.14"]
[White "Cerrajeria Ruiz Jesus Maria"]
[Black "Jaques Burguete Raul"]
[Result "1-0"]
[WhiteElo "2207"]
[BlackElo "2124"]

1.g3 e5 2.Nf3 e4 3.Nd4 c5 4.Nb3 Nc6 5.c4 f5 6.d3 exd3 7.Qxd3 d6 8.Nc3 Be6 9.
Bf4 Nb4 10.Qd2 Bxc4 11.Bg2 Qb6 12.O-O Nf6 13.a3 Bxb3 14.axb4 Be7 15.Ra3 Bc4
16.bxc5 dxc5 17.Na4 Qb4 18.Nc3 Qb6 19.Na4 Qb4 20.Qc2 Be6 21.Re3 Kf7 22.Nc3 Qb3
23.Qc1 Qb6 24.Bg5 Rad8 25.Na4 Qb4 26.Bxf6 Bxf6 27.Nxc5 Rc8 28.Nxe6 Rxc1 29.
Rxc1 g5 30.Bd5 Kg6 31.Rc7 Qa5 32.Bb3 Re8 33.Rxb7 Rc8 34.g4 fxg4 35.Nf8+ Kf5
36.Be6+ Kf4 37.Bxc8 1-0

[Event "Cto. Autonómico por Equipos 2007"]
[Site "Aragón"]
[Date "2007.03.10"]
[Round "7.15"]
[White "Garcia Fernandez Javier"]
[Black "Alonso Fernandez Revuelta Rodri"]
[Result "1/2-1/2"]
[WhiteElo "2095"]
[BlackElo "2184"]

1.e4 e6 2.Nf3 d5 3.e5 c5 4.b4 Qc7 5.bxc5 Bxc5 6.c3 Nc6 7.d4 Be7 8.Bd3 Bd7 9.
O-O f5 10.c4 Nb4 11.cxd5 Nxd5 12.Ba3 Bc6 13.Qb3 Qb6 14.Bc4 Rd8 15.Bxe7 Ngxe7
16.Ng5 Bd7 17.Qxb6 axb6 18.Na3 h6 19.Nf3 Bc6 20.Rfd1 g5 21.Ne1 Kf7 22.Bf1 Nc3
23.Rd3 Ned5 24.Nc4 b5 25.Nd6+ Ke7 26.a3 Ra8 27.Nc2 Ra4 28.Rc1 Ne4 29.Nxe4 fxe4
30.Rb3 Rc8 31.Ne3 Nc7 32.Nc2 Rca8 33.Rh3 Rh8 34.Rb3 Rha8 35.Rcb1 Kd7 36.Rh3
1/2-1/2

[Event "Cto. Autonómico por Equipos 2007"]
[Site "Aragón"]
[Date "2007.03.10"]
[Round "7.16"]
[White "Lana Rodriguez David"]
[Black "Ainsa Ignacio"]
[Result "1-0"]
[WhiteElo "2123"]
[BlackElo "1950"]

1.e4 e6 2.d4 d5 3.Nc3 Nf6 4.Bg5 dxe4 5.Nxe4 Be7 6.Bd3 Nbd7 7.Bxf6 Bxf6 8.Nf3
O-O 9.O-O b6 10.Qe2 Bb7 11.c3 Qe7 12.Qe3 Rac8 13.Nfg5 g6 14.f4 Bxe4 15.Bxe4 c5
16.Nf3 cxd4 17.Nxd4 Bxd4 18.Qxd4 Rfd8 19.Bc2 Nf6 20.Qe3 Ng4 21.Qe2 Qc5+ 22.Kh1
Ne3 23.Rfe1 Nxc2 24.Qxc2 Rd5 25.Qe2 Rcd8 26.Rad1 Qd6 27.Rxd5 Qxd5 28.c4 Qd2
29.g3 Qb4 30.a3 Qb3 31.Kg2 Rd4 32.Rc1 Qa4 33.Rc2 Qd7 34.Kf2 Rd3 35.Qe4 Rd2+
36.Ke3 Rd1 37.Ke2 Rd4 38.Qe3 Kf8 39.Rd2 Rxd2+ 40.Qxd2 Ke7 41.Qxd7+ Kxd7 42.Kd3
Kd6 43.g4 f6 44.Kd4 e5+ 45.fxe5+ fxe5+ 46.Ke4 a6 47.b4 a5 48.g5 axb4 49.axb4
Ke6 50.c5 bxc5 51.bxc5 Kd7 52.Kxe5 Kc6 53.Kd4 Kc7 54.Kd5 Kd7 55.c6+ Kc7 56.Kc5
Kc8 57.Kd6 Kd8 58.c7+ 1-0

[Event "Cto. Autonómico por Equipos 2007"]
[Site "Aragón"]
[Date "2007.03.10"]
[Round "7.17"]
[White "Baron Rodriguez Jesus"]
[Black "Saldano Horacio"]
[Result "1/2-1/2"]
[WhiteElo "2422"]
[BlackElo "2422"]

1.e4 c5 2.Nc3 e6 3.f4 Nc6 4.Nf3 a6 5.d4 cxd4 6.Nxd4 Nxd4 7.Qxd4 Qc7 8.Be2 b5
9.Bf3 Bb7 10.Be3 Rc8 11.O-O h5 12.Rad1 Nf6 13.h3 h4 14.Rf2 Bc5 15.Qxc5 Qxc5
16.Bxc5 Rxc5 17.e5 Bxf3 18.Rxf3 Nh5 19.Rd4 O-O 20.a3 f6 21.exf6 Nxf6 22.Rd6
Ra8 23.Kf1 Kf8 24.Ke1 Ke7 25.Rd4 Rh8 26.a4 bxa4 27.Rxa4 a5 28.Kd2 Rb8 29.Nd1
d5 30.Rfa3 Ne4+ 31.Kd3 Rf8 1/2-1/2

[Event "Cto. Autonómico por Equipos 2007"]
[Site "Aragón"]
[Date "2007.03.10"]
[Round "7.18"]
[White "Martin Catalan Juan Vicente"]
[Black "Antoli Royo Joaquin Miguel"]
[Result "1/2-1/2"]
[WhiteElo "2106"]
[BlackElo "2304"]

1.d4 Nf6 2.Nf3 c5 3.c3 b6 4.Bf4 Bb7 5.e3 e6 6.Nbd2 Be7 7.h3 O-O 8.Bd3 Nc6 9.
O-O d6 10.Qe2 Rc8 11.Rfd1 cxd4 12.Nxd4 e5 13.Nxc6 Bxc6 14.Bg5 Nd7 15.Bxe7 Qxe7
16.Bf5 g6 17.Bxd7 Qxd7 18.Qd3 Qe6 19.f4 Rfe8 20.Rf1 f5 21.Rf2 b5 22.a3 a6 23.
Rd1 Red8 24.Nf1 Rd7 25.Ng3 Qb3 26.Qc2 Qc4 27.Rfd2 Qc5 28.Kh2 Qxe3 29.Rxd6 exf4
30.Nxf5 gxf5 31.Rxc6 Re8 32.Rg1 Qg3+ 33.Kh1 Re1 34.Rc8+ Kg7 35.Qb3 Rf7 36.Qd5
Rxg1+ 37.Kxg1 Qe1+ 38.Kh2 1/2-1/2

[Event "Cto. Autonómico por Equipos 2007"]
[Site "Aragón"]
[Date "2007.03.10"]
[Round "7.19"]
[White "Lasanta Rica Cesar"]
[Black "Barcena Francisco"]
[Result "1-0"]
[WhiteElo "2300"]
[BlackElo "1991"]

1.d4 Nf6 2.c4 g6 3.Nc3 Bg7 4.e4 d6 5.f4 O-O 6.Nf3 c5 7.dxc5 dxc5 8.Bd3 Nc6 9.
O-O e6 10.e5 Ne8 11.Be3 b6 12.Qe2 Bb7 13.Rad1 Qe7 14.Bf2 a6 15.a3 Qc7 16.Rd2
Bh6 17.g3 Ng7 18.Ne4 Nf5 19.Nf6+ Kh8 20.Bxf5 gxf5 21.Rd7 Qc8 22.Ng5 Bxg5 23.
fxg5 Nd4 24.Bxd4 1-0

[Event "Cto. Autonómico por Equipos 2007"]
[Site "Aragón"]
[Date "2007.03.10"]
[Round "7.20"]
[White "Vicente Sanz Fernando"]
[Black "Glaria Murillo Christian"]
[Result "1/2-1/2"]
[WhiteElo "1938"]
[BlackElo "2202"]

1.Nf3 Nf6 2.g3 g6 3.Bg2 Bg7 4.O-O O-O 5.d4 d6 6.Nc3 Nbd7 7.e4 e5 8.h3 c6 9.a4
a5 10.Be3 Qc7 11.Qd2 Re8 12.Rfe1 Nb6 13.b3 Nbd7 14.Rad1 Nf8 15.Bh6 Qe7 16.Bxg7
Kxg7 17.dxe5 dxe5 18.Qd6 Qxd6 19.Rxd6 N6d7 20.Red1 Re6 21.R6d2 f6 22.Nb1 Re8
23.Na3 Nc5 24.Nh2 Be6 25.Rd6 Kf7 26.Ng4 Nfd7 27.Ne3 Nb6 28.f3 Ke7 29.Bf1 Red8
30.Rxd8 Rxd8 31.Rxd8 Kxd8 32.h4 Kc7 33.Kf2 Nbd7 34.Bc4 b6 35.Bxe6 Nxe6 36.Ng4
1/2-1/2

[Event "Cto. Autonómico por Equipos 2007"]
[Site "Aragón"]
[Date "2007.03.10"]
[Round "7.21"]
[White "Trigo Conde Isaac"]
[Black "Lamas Manuel"]
[Result "1/2-1/2"]
[WhiteElo "2250"]
[BlackElo "2270"]

1.d4 d5 2.c4 e6 3.Nf3 c5 4.cxd5 exd5 5.Nc3 Nc6 6.g3 Nf6 7.Bg2 Be7 8.O-O O-O 9.
Bg5 h6 10.Bxf6 Bxf6 11.dxc5 d4 12.Ne4 Be7 13.Qb3 Bf5 14.Nd6 Bxd6 15.cxd6 Qxd6
16.Nh4 Bd7 17.Rfd1 Rab8 18.Qd5 Qxd5 19.Bxd5 Be6 20.Bxe6 fxe6 21.Nf3 Rbd8 22.
Nd2 d3 23.exd3 Rxd3 24.Ne4 Rfd8 25.Rxd3 Rxd3 26.Kf1 Kf7 27.Ke2 Rd5 28.Rc1 Nd4+
29.Ke3 Nf5+ 30.Kf3 Nd4+ 31.Ke3 Nf5+ 32.Kf3 Nd4+ 33.Kg2 Kg6 34.Rc7 Rb5 35.Rd7
e5 36.Rd6+ Kh7 37.b3 Ra5 38.Rd7 b5 39.Nc3 Ra3 40.f4 b4 41.fxe5 bxc3 42.Rxd4
Rxa2+ 43.Kh3 Re2 44.Rc4 c2 45.Rc6 Kg8 46.Rc7 a5 47.Kg4 Rxh2 48.Kf5 Kh7 49.e6
Re2 50.g4 Kg8 1/2-1/2

[Event "Cto. Autonómico por Equipos 2007"]
[Site "Aragón"]
[Date "2007.03.10"]
[Round "7.22"]
[White "Llanes Luno Ricardo"]
[Black "Ferrer Serrano Roberto"]
[Result "1-0"]
[WhiteElo "2225"]
[BlackElo "2216"]

1.e4 c5 2.Nf3 Nc6 3.d4 cxd4 4.Nxd4 Nf6 5.Nc3 e5 6.Ndb5 d6 7.Nd5 Nxd5 8.exd5
Nb8 9.c4 Be7 10.Be2 a6 11.Nc3 O-O 12.b4 a5 13.bxa5 Nd7 14.O-O f5 15.f4 Bf6 16.
Nb5 Rxa5 17.Rb1 Nc5 18.Qc2 Ra6 19.Be3 exf4 20.Bxf4 Re8 21.Bd3 g5 22.Bg3 Nxd3
23.Qxd3 f4 24.Bf2 Rxa2 25.Rfe1 Be5 26.c5 Ra6 27.cxd6 Bxd6 28.Rxe8+ Qxe8 29.
Nxd6 Rxd6 30.Bc5 Rf6 31.Qc3 Rf5 32.Re1 Qb5 33.Ba3 Bd7 34.Bb2 1-0

[Event "Cto. Autonómico por Equipos 2007"]
[Site "Aragón"]
[Date "2007.03.10"]
[Round "7.23"]
[White "Garcia Vicente Nieves"]
[Black "Roche Simon Miguel Angel"]
[Result "1/2-1/2"]
[WhiteElo "2207"]
[BlackElo "2180"]

1.d4 d5 2.c4 e6 3.Nc3 c5 4.cxd5 cxd4 5.Qa4+ Bd7 6.Qxd4 exd5 7.Qxd5 Nf6 8.Qb3
Nc6 9.e3 Bc5 10.Nf3 O-O 11.Be2 Be6 12.Qa4 a6 13.a3 Bg4 14.O-O Qe7 15.Nd5 Nxd5
16.Qxg4 Rad8 17.Bd2 Nf6 18.Qh4 Ne4 19.Qxe7 Bxe7 20.Bc3 Nxc3 21.bxc3 Na5 22.Nd4
Rc8 23.Rfc1 Rc7 24.g3 g6 25.Bg4 Rc4 26.Be2 Rc5 27.c4 Rfc8 28.Rcb1 R5c7 29.Ra2
h5 30.Kg2 Kg7 31.a4 Bf6 32.Rd2 Re8 33.Rc2 Re5 34.Nb3 Nxb3 35.Rxb3 b5 36.axb5
axb5 37.c5 Rexc5 38.Rxc5 Rxc5 39.Bxb5 Rc7 40.Rd3 Be7 41.Ba4 Bb4 42.h4 Be7 43.
Bb3 Bb4 44.Bd5 Bc3 45.e4 Bb4 46.Rf3 f6 47.Rb3 Bc3 48.Ra3 Bd4 49.Ra2 Ba7 50.f3
Bd4 51.Rd2 Be5 52.f4 Bc3 53.Rc2 Ba5 54.Rxc7+ Bxc7 55.Be6 Ba5 56.Kf3 Be1 57.f5
gxf5 58.Bxf5 Bd2 59.g4 hxg4+ 60.Kxg4 Kh6 61.h5 Bc3 62.Bg6 Bb2 1/2-1/2

[Event "Cto. Autonómico por Equipos 2007"]
[Site "Aragón"]
[Date "2007.03.10"]
[Round "7.24"]
[White "Neila Castillo Miguel Angel"]
[Black "Cabrera Moreno Daniel"]
[Result "0-1"]
[WhiteElo "2078"]
[BlackElo "2170"]

1.Nf3 Nf6 2.g3 d5 3.Bg2 c6 4.d3 Bf5 5.Nbd2 h6 6.c4 e6 7.O-O Be7 8.a3 a5 9.Rb1
O-O 10.b4 axb4 11.axb4 Nbd7 12.b5 Bh7 13.bxc6 bxc6 14.Nd4 Qc8 15.Qc2 Re8 16.
Bb2 e5 17.N4b3 Bf8 18.e4 dxe4 19.Nxe4 Nxe4 20.dxe4 Nc5 21.Nxc5 Bxc5 22.Ra1 Qc7
23.Bc3 Bg6 24.Kh1 Rxa1 25.Rxa1 f6 26.f3 Bf7 27.Bf1 Rb8 28.Rb1 Ba7 29.Rxb8+
Qxb8 30.Qb2 Qd6 31.Be2 Qc5 32.Qa1 Bxc4 33.Bxc4+ Qxc4 34.Kg2 Qe2+ 35.Kh3 Qxf3
36.Qxa7 Qxc3 37.Qd7 Qf3 38.Qxc6 Kh7 39.Qb7 h5 40.Qf7 Kh6 41.Qc4 g5 42.Qa6 Kg6
43.Qc4 Kh6 44.Qa6 h4 45.Qa8 Kg7 46.Qb7+ Kg6 47.Qc6 Qf1+ 48.Kg4 Qe2+ 49.Kh3 g4+
0-1

[Event "Cto. Autonómico por Equipos 2007"]
[Site "Aragón"]
[Date "2007.03.10"]
[Round "7.25"]
[White "Hernando Garcia Antonio"]
[Black "Malo Guillen Jose Luis"]
[Result "1-0"]
[WhiteElo "2209"]
[BlackElo "2198"]

1.c4 Nf6 2.Nf3 g6 3.Nc3 Bg7 4.g3 O-O 5.Bg2 d6 6.O-O e5 7.d3 Nc6 8.Rb1 a5 9.a3
h6 10.b4 axb4 11.axb4 Be6 12.b5 Ne7 13.Qb3 Nd7 14.Ba3 f5 15.Nd2 Rb8 16.Ra1 g5
17.Ra2 Nf6 18.Rfa1 Ng6 19.Bc1 e4 20.dxe4 Nxe4 21.Ndxe4 fxe4 22.Bxe4 Ne5 23.Bd5
Bxd5 24.cxd5 Ng4 25.f3 Bd4+ 26.Kg2 Qf6 27.Ne4 Qe5 28.Bb2 Ne3+ 29.Qxe3 Bxb2 30.
Rd1 Ra8 31.Rxa8 Rxa8 32.b6 cxb6 33.Qxb6 Ba3 34.Qxb7 Rf8 35.Qb3 Bc5 36.Rd2 Ba7
37.Qc3 Qe7 38.Qc6 g4 39.Qxd6 Qxe4 40.Qxf8+ 1-0

[Event "Cto. Autonómico por Equipos 2007"]
[Site "Aragón"]
[Date "2007.03.10"]
[Round "7.26"]
[White "Querol Soro Sergio"]
[Black "Chueca Forcen Alberto"]
[Result "0-1"]
[WhiteElo "1979"]
[BlackElo "2110"]

1.Nf3 d5 2.g3 g6 3.Bg2 Bg7 4.c4 c6 5.cxd5 cxd5 6.O-O e5 7.d3 Ne7 8.Nc3 O-O 9.
Bg5 f6 10.Bd2 Be6 11.Rc1 Nbc6 12.a3 Qd7 13.Re1 h6 14.e4 f5 15.Nh4 fxe4 16.dxe4
g5 17.exd5 Nxd5 18.Nxd5 gxh4 19.Ne3 Nd4 20.Bc3 Qf7 21.Rf1 Rad8 22.Bxd4 exd4
23.Nc2 Bc4 24.Qg4 Bxf1 25.Rxf1 hxg3 26.hxg3 Qf5 27.Qxf5 Rxf5 28.Be4 Re5 29.Bd3
Kf8 30.Kg2 Rc5 31.Re1 Rdc8 32.Re2 R8c7 33.Bg6 Re7 34.Rd2 Rd7 35.Re2 Re5 36.Rd2
Rg5 37.Bd3 Ke7 38.Re2+ Re5 39.Rd2 Rc5 40.Re2+ Kd6 41.Rd2 Kc7 42.Re2 Re5 43.Rd2
Rd6 44.Nb4 Re1 45.Nc2 Rc1 46.Re2 Bf6 47.Ne1 Rdc6 0-1

[Event "Cto. Autonómico por Equipos 2007"]
[Site "Aragón"]
[Date "2007.03.10"]
[Round "7.27"]
[White "Sarto Ramos Angel"]
[Black "Artal Alegria Francisco Javier"]
[Result "0-1"]
[WhiteElo "2092"]
[BlackElo "1966"]

1.d4 Nf6 2.Nf3 e6 3.e3 c5 4.Bd3 d5 5.b3 Nc6 6.a3 Ne4 7.O-O f5 8.Bb2 Qb6 9.dxc5
Nxc5 10.Ng5 e5 11.Nc3 Qd8 12.f4 d4 13.Nb5 a6 14.Bc4 axb5 15.Bf7+ Kd7 16.exd4
exd4 17.b4 h6 18.Qh5 Na4 19.Ne6 Qf6 20.Bxd4 Nxd4 21.Rad1 Bd6 22.Rxd4 g6 23.
Bxg6 Kxe6 24.Re1+ Kd7 25.Be8+ Kc7 26.Red1 Ra6 27.Bxb5 Nc3 28.Bxa6 Nxd1 29.Qxd1
bxa6 30.Qd3 Rd8 31.Rc4+ Kb8 32.Qe3 Bc7 33.Qe2 Bb6+ 34.Rc5 Qa1+ 35.Kf2 Qd4+ 36.
Kg3 Rg8+ 37.Kh3 Bxc5 0-1

[Event "Cto. Autonómico por Equipos 2007"]
[Site "Aragón"]
[Date "2007.03.10"]
[Round "7.28"]
[White "Tirapo Larcuen Ana"]
[Black "Sanmartin Agustin Borja"]
[Result "0-1"]
[WhiteElo "1870"]
[BlackElo "2082"]

1.e4 c5 2.Nf3 d6 3.d3 Nc6 4.g3 g6 5.Bg2 Bg7 6.O-O Nf6 7.Nbd2 O-O 8.a4 Rb8 9.
Nc4 Bg4 10.h3 Be6 11.Ne3 a6 12.Ng5 Bd7 13.f4 b5 14.axb5 axb5 15.g4 Qb6 16.Kh1
Ra8 17.Rxa8 Rxa8 18.e5 Ne8 19.Nd5 Qd8 20.exd6 Nxd6 21.Qe1 e6 22.Nc3 Ra1 23.Qg3
Nd4 24.f5 Rxc1 25.Rxc1 Qxg5 26.Ra1 Ne8 27.Ne4 Qe7 28.fxg6 hxg6 29.Qb8 f5 30.
gxf5 exf5 31.Nc3 Be5 32.Qb6 Bd6 33.Qb7 Kf8 34.Qd5 Nc7 35.Qb7 Qe5 36.Kg1 Qe3+
37.Kh1 Qg3 38.Kg1 Bc6 39.Ra8+ Nxa8 0-1

[Event "Cto. Autonómico por Equipos 2007"]
[Site "Aragón"]
[Date "2007.03.10"]
[Round "7.29"]
[White "Martinez Catalin Francisco Javier"]
[Black "Hinojar Basa Alfonso"]
[Result "1-0"]
[WhiteElo "2240"]
[BlackElo "2207"]

1.d4 e6 2.c4 Nf6 3.Nf3 d5 4.Bg5 Be7 5.Nc3 O-O 6.e3 h6 7.Bxf6 Bxf6 8.Qc2 b6 9.
O-O-O Bb7 10.cxd5 exd5 11.h4 c5 12.g4 g6 13.g5 hxg5 14.hxg5 Bg7 15.Bd3 Qe8 16.
Ne5 Nc6 17.f4 f5 18.Qh2 Nxe5 19.fxe5 Qe6 20.Ne2 Kf7 21.Nf4 Rh8 22.Qf2 Qc6 23.
e6+ Kg8 24.Nxg6 cxd4+ 25.Kb1 Rxh1 26.Rxh1 Qxe6 27.Bxf5 Qd6 28.exd4 Re8 29.Qh4
Bc8 30.Bd3 Qc7 31.Qh7+ Kf7 32.Rf1+ Ke6 33.Bf5+ 1-0

[Event "Cto. Autonómico por Equipos 2007"]
[Site "Aragón"]
[Date "2007.03.10"]
[Round "7.30"]
[White "Fabre Perez Jose Maria"]
[Black "Solano Lasierra Javier"]
[Result "0-1"]
[WhiteElo "2089"]
[BlackElo "2132"]

1.e4 e6 2.d4 d5 3.Nc3 Bb4 4.Bd3 c5 5.exd5 exd5 6.Qe2+ Ne7 7.dxc5 O-O 8.Bd2 Be6
9.Nf3 Ng6 10.O-O Re8 11.Ng5 Nd7 12.Nxe6 Rxe6 13.Qg4 Bxc5 14.Bf5 Nf6 15.Qh3 Re8
16.Bg5 Be7 17.Rad1 d4 18.Nb5 Qb6 19.Nxd4 Qxb2 20.Qb3 Qxb3 21.axb3 a6 22.c4 Bc5
23.Nc2 Re5 24.Bxf6 gxf6 25.Bxg6 hxg6 26.b4 Re2 27.Rc1 Bd6 28.c5 Bf4 29.Nd4 Re4
30.Rc4 Be5 0-1

[Event "Cto. Autonómico por Equipos 2007"]
[Site "Aragón"]
[Date "2007.03.10"]
[Round "7.31"]
[White "Pellicer Cemeli Jose Luis"]
[Black "Gaspar Calvo Luis Alberto"]
[Result "1-0"]
[WhiteElo "2043"]
[BlackElo "1930"]

1.d4 Nf6 2.c4 e6 3.Nc3 Bb4 4.e3 b6 5.Bd3 Bb7 6.Ne2 Ne4 7.O-O f5 8.f3 Nxc3 9.
bxc3 Bd6 10.e4 fxe4 11.fxe4 e5 12.Ng3 g6 13.Nh5 Qh4 14.Nf6+ Kd8 15.g3 Qh3 16.
Bg5 h6 17.Bh4 g5 18.Rf5 Qxf5 19.exf5 gxh4 20.g4 exd4 21.cxd4 Nc6 22.Ne4 Bf4
23.Qf3 Bg5 24.Nxg5 hxg5 25.Qe3 Rg8 26.Re1 Ba6 27.f6 1-0